000 00567nam a2200229 a 4500
001 nice12345678
003 IN_TiNIC
005 20260116014208.0
008 070824s2001 newa grp 000 0 eng
020 _a
_c250
082 0 0 _a954.0359
_bPAN
100 _aPandey, Gyanender
245 _aRemembering Partition
260 _aNew Delhi
_bCambridge University Press
_c2001
300 _a218p
500 _aincludes index and biblioraphy
650 _aIndia-Partition
700 1 _aPandey, Gyanender
902 _bSRC
942 _cBK
999 _c14275
_d14275